[Event "ITA-ch Women 2017"]
[Site "Cosenza"]
[Date "2017.12.08"]
[Round "5"]
[White "Di Benedetto, Desiree"]
[Black "Zimina, Olga"]
[Result "0-1"]
[WhiteElo "2092"]
[BlackElo "2415"]
[Annotator "TA"]
[PlyCount "130"]
[EventDate "2017.??.??"]
[EventType "tourn"]
[EventCountry "ITA"]
[SourceTitle "playchess.com"]
[Source "ChessBase"]
[SourceQuality "1"]

{[%evp 18,130,31,19,56,51,48,39,114,108,100,84,77,53,64,72,78,38,43,45,48,50,45,37,65,62,66,51,47,32,27,0,10,-7,41,-26,0,-87,-34,-18,-15,-58,-58,-62,-68,-68,-58,-60,-22,-19,-12,-14,-4,-188,-200,-646,-85,-309,-130,-115,-127,-126,-124,-160,-160,-169,-129,-130,-131,-177,-76,-92,-85,-157,-90,-92,-87,-110,-82,-133,-110,-227,-205,-229,-225,-246,-235,-237,-200,-200,-190,-236,-236,-230,-252,-271,-269,-322,-259,-265,-248,-273,-193,-563,-554,-1072,-416,-915,-899,-1623,-1556,-2404,-1843,-2580,-2491]} 1. d4 d5 2. c4 c6 3. cxd5 cxd5 4. Nc3 Nc6 5. Bf4 e5 6. dxe5 d4 7. Ne4 {D10: Slav Defence: 3 cxd5 (without early Nf3) and 3 Nc3} Qa5+ 8. Nd2 Nge7 9. Ngf3 Ng6 10. g3 {LiveBook: 3 Games} Ncxe5 $146 ({Predecessor:} 10... Bg4 11. Bg2 Bxf3 12. Bxf3 Ngxe5 13. O-O Rd8 14. Bxe5 Nxe5 15. Bxb7 {1-0 (62) Le,Q (2712)-Dreev,A (2668) Khanty-Mansiysk 2013}) 11. Nxe5 Nxe5 12. Bg2 Nc6 (12... Ng6 $14) 13. O-O $16 Be7 14. Nb3 Qb6 15. Bxc6+ bxc6 16. Qxd4 O-O 17. Be5 c5 18. Qf4 Be6 19. Nd2 Qa6 20. Rfe1 Rfd8 21. Bc3 Rd5 22. Nf3 h6 23. h4 Re8 24. e4 Rd3 25. Nh2 Qc8 26. Qc1 (26. Rad1 $14 Red8 27. Rxd3 Rxd3 28. Nf1) 26... c4 27. Nf1 (27. Re3 $11) 27... Qc6 (27... Bg4 $17 28. Ne3 Bc5) 28. Qf4 Bd6 29. e5 Rf3 {[%mdl 1024] Black has compensation.} 30. Qd2 Bc5 31. Ne3 Qe4 32. Rad1 g5 $40 {[%mdl 128] White needs to defend precisely.} 33. hxg5 hxg5 {Threatens to win with ...Kg7.} 34. Bd4 Rd8 35. Nc2 $2 (35. Bxc5 $11 {and White is okay.} Rxd2 36. Rxd2) 35... Qg4 $19 36. Re3 $2 {[#]} (36. Re4 Rf4 37. Rde1) 36... Rxe3 $2 (36... Rxd4 $1 $19 {[%mdl 512]} 37. Qxd4 (37. Nxd4 Rxe3) 37... Bxd4 38. Rxd4 Qf5 39. Rd8+ Kg7) 37. fxe3 $2 (37. Nxe3 $17 Qf3 38. Bxc5 Rxd2 39. Rxd2) 37... Qxg3+ (37... Bd5 $19 {and Black stays clearly on top.} 38. Kf2 (38. Bxc5 $2 Qxg3+ 39. Kf1 c3 $19) 38... Qf3+ 39. Ke1 Qh1+ 40. Kf2 Qh2+ 41. Ke1 Qh1+ 42. Kf2 Qg2+ 43. Ke1 Qh1+) 38. Qg2 $17 Qh4 $1 {Hoping for ...Bh3.} 39. Rd2 Be7 40. Qh2 Bh3 {And now ...c3! would win.} 41. Qf2 Qe4 42. Qg3 Be6 43. Rh2 {[#]} a6 (43... c3 $1 $19 {[%mdl 512] is more deadly.} 44. Bxc3 (44. bxc3 Rb8) 44... Rd1+ 45. Ne1 g4) 44. Qg2 Qd3 45. Qe2 {[#]} (45. Ne1 $142 Qb1 46. Kf1) 45... Qxe2 (45... g4 $142 $1 46. Rg2 Bg5) 46. Rxe2 Kg7 47. Ne1 Kg6 48. Rc2 (48. Rh2 $142) 48... Kf5 49. Ng2 (49. Rh2 $17) 49... Ke4 50. Rf2 Bb4 51. a3 Ba5 52. Rf1 Rxd4 53. exd4 Kxd4 $19 {[%mdl 4096] Endgame KRN-KB} 54. Ne1 g4 ({Not} 54... Kxe5 55. Nf3+ Kf4 56. Nd4+ Ke4 57. Nxe6 $11) 55. Ng2 Kxe5 56. Nf4 Bd7 57. Kg2 f5 58. Kg3 Bc6 59. Rd1 Bf3 60. Ng6+ $2 (60. Rc1) 60... Ke4 61. Rd7 Be1+ 62. Kh2 {Re7+ is the strong threat.} Ke3 {Black is clearly winning.} 63. Re7+ Be4 64. Kg1 g3 {( -> ...Bf2+)} 65. Nh4 Ke2 {Precision: White = 31%, Black = 48%.} 0-1

[Event "ITA-ch Women 2017"]
[Site "Cosenza"]
[Date "2017.12.08"]
[Round "5"]
[White "Palma, Maria"]
[Black "Gueci, Tea"]
[Result "0-1"]
[WhiteElo "2019"]
[BlackElo "2158"]
[Annotator "RC"]
[PlyCount "140"]
[EventDate "2017.??.??"]
[EventType "tourn"]
[EventCountry "ITA"]
[SourceTitle "playchess.com"]
[Source "ChessBase"]
[SourceQuality "1"]
[TimeControl "40/6000+30:20/3000+30:900+30"]

1. c4 e6 2. Nf3 d5 3. g3 Nf6 4. Bg2 dxc4 5. Qa4+ Bd7 6. Qxc4 c5 7. Qc2 Nc6 8. O-O Be7 9. b3 O-O 10. Bb2 Rc8 11. d3 b5 12. Rc1 Qb6 13. Nbd2 Rfd8 14. h3 Nd5 15. Ne4 Nd4 16. Qd2 f5 17. Nc3 Nb4 18. Nd1 Qd6 19. Ne1 e5 20. e3 Ne6 21. a3 Nc6 22. Qe2 Nc7 23. f4 Bf6 24. fxe5 Bxe5 25. Bxe5 Nxe5 26. Nf2 Be6 27. Qb2 Nf7 28. Kh2 Nd5 29. e4 Ne3 30. Nf3 f4 31. g4 Qe7 32. Kg1 h5 33. gxh5 Re8 34. Kh1 Rc7 35. Rg1 c4 36. bxc4 bxc4 37. dxc4 Nxc4 38. Qb4 Qf6 39. Rac1 Rec8 40. Nd3 a5 41. Qe1 Rd8 42. Qc3 Qh6 43. Bf1 Nh8 44. Nde5 Rdc8 45. Nxc4 Bxc4 46. Bxc4+ Rxc4 47. Qxc4+ Rxc4 48. Rxc4 Qe6 49. Rc7 Qxh3+ 50. Nh2 Nf7 51. Rb1 Qxh5 52. Rb8+ Kh7 53. Rbb7 Qd1+ 54. Kg2 Qe2+ 55. Kg1 Qe3+ 56. Kh1 Qxe4+ 57. Kg1 Qe3+ 58. Kf1 f3 59. Re7 Qc1+ 60. Kf2 Qd2+ 61. Kxf3 Ng5+ 62. Kg3 Qd6+ 63. Kg2 Ne6 64. Nf3 Nf4+ 65. Kf2 Qc5+ 66. Kg3 Nh5+ 67. Kh4 Kh6 68. Kg4 Qc4+ 69. Kh3 Qf1+ 70. Kg4 Qg2+ 0-1

[Event "ITA-ch Women 2017"]
[Site "Cosenza"]
[Date "2017.12.09"]
[Round "6"]
[White "Zimina, Olga"]
[Black "Santeramo, Alessia"]
[Result "1/2-1/2"]
[WhiteElo "2415"]
[BlackElo "2082"]
[Annotator "TA"]
[PlyCount "76"]
[EventDate "2017.??.??"]
[EventType "tourn"]
[EventCountry "ITA"]
[SourceTitle "playchess.com"]
[Source "ChessBase"]
[SourceQuality "1"]

{[%evp 21,76,2,10,0,0,0,0,-8,-18,-36,-43,-49,0,0,0,0,0,0,0,0,0,-11,4,2,0,0,0,0,0,0,0,0,0,-23,-17,-18,-15,-16,-1,-47,-49,-90,0,0,0,0,0,0,0,0,0,0,0,0,0,0,0]} 1. Nf3 Nf6 2. c4 e6 3. g3 d5 4. Bg2 dxc4 5. Qa4+ c6 6. Qxc4 b5 7. Qc2 Bb7 8. a4 {A13: English Opening: 1...e6} a6 9. Nc3 Nbd7 10. O-O Be7 11. d4 O-O {LiveBook: 15 Games} 12. Ne5 $146 ({Predecessor:} 12. Ng5 h6 13. Nge4 Nd5 14. Rd1 Qb6 15. Bf4 Nxf4 16. gxf4 {1-0 (77) Karjakin,S (2753)-Khismatullin,D (2642) Chita 2015}) 12... Nxe5 13. dxe5 Nd5 14. Rd1 Qb8 15. f4 Qa7+ 16. Kh1 Nxc3 17. Qxc3 c5 18. axb5 Bxg2+ 19. Kxg2 {[#] Qf3 is the strong threat.} Qb7+ 20. Qf3 Qxb5 21. b3 c4 22. bxc4 Qxc4 23. Rd7 Bb4 24. Ba3 {Threatening Rc1.} a5 25. Bxb4 Qxb4 26. Rc1 Rac8 27. Rcc7 Rxc7 28. Rxc7 $11 {[%mdl 4096] Endgame KQR-KQR} g6 29. Ra7 Rd8 30. Qc6 Qd2 31. Qb5 {[#]} Qd5+ ({Black should try} 31... Qe1 $1 $17 {White must now prevent ...Kg7.} 32. Rd7 (32. Rxa5 $2 Rd1 $19) 32... Rxd7 33. Qxd7 h6 34. Qd8+ Kh7) 32. Qxd5 {The position is equal.} Rxd5 {KR-KR} 33. Ra8+ Kg7 34. h4 h5 35. Kf2 Rb5 36. Kg2 Rc5 37. Kf2 Rb5 38. Kg2 Rc5 {Precision: White = 39%, Black = 70%.} 1/2-1/2

[Event "ITA-ch Women 2017"]
[Site "Cosenza"]
[Date "2017.12.09"]
[Round "6"]
[White "Brunello, Marina"]
[Black "Palma, Maria"]
[Result "1-0"]
[WhiteElo "2345"]
[BlackElo "2019"]
[Annotator "NA"]
[PlyCount "67"]
[EventDate "2017.??.??"]
[EventType "tourn"]
[EventCountry "ITA"]
[SourceTitle "playchess.com"]
[Source "ChessBase"]
[SourceQuality "1"]
[TimeControl "40/6000+30:20/3000+30:900+30"]

1. e4 c5 2. Nf3 e6 3. d4 cxd4 4. Nxd4 Nf6 5. Nc3 Bb4 6. Qd3 O-O 7. e5 Nd5 8. Bd2 d6 9. exd6 Qxd6 10. g3 Nc6 11. Bg2 Rd8 12. Nxc6 bxc6 13. Ne4 Qc7 14. Bxb4 Nxb4 15. Qb3 Rb8 16. O-O c5 17. Rfd1 Bb7 18. Rxd8+ Rxd8 19. a3 Bd5 20. c4 Bxe4 21. axb4 Bxg2 22. Kxg2 Qb7+ 23. Qf3 Qc7 24. b5 g6 25. Ra6 Kg7 26. b3 Rd4 27. Qc6 Qe5 28. Rxa7 Qf5 29. Qf3 Qxf3+ 30. Kxf3 Rd3+ 31. Ke4 Rxb3 32. Rc7 Rb2 33. Rxc5 Rxf2 34. b6 1-0

[Event "ITA-ch Women 2017"]
[Site "Cosenza"]
[Date "2017.12.09"]
[Round "6"]
[White "Gueci, Tea"]
[Black "Sedina, Elena"]
[Result "0-1"]
[WhiteElo "2158"]
[BlackElo "2312"]
[Annotator "NA"]
[PlyCount "120"]
[EventDate "2017.??.??"]
[EventType "tourn"]
[EventCountry "ITA"]
[SourceTitle "playchess.com"]
[Source "ChessBase"]
[SourceQuality "1"]
[TimeControl "40/6000+30:20/3000+30:900+30"]

1. e4 e6 2. Nf3 d5 3. e5 c5 4. b4 b6 5. a3 Nh6 {C00: French: Unusual White 2nd moves} (5... Ne7 6. Bb2 Nec6 7. b5 Na5 8. d4 Bb7 9. Nbd2 Be7 10. Bc3 Nd7 11. Be2 Rc8 12. Bxa5 bxa5 13. c3 {0-1 (40) Al Modiahki,M (2549)-Meier,G (2632) Dubai 2014}) 6. c3 a5 7. bxc5 bxc5 8. d4 Nf5 9. Bd3 $146 ({Predecessor:} 9. a4 cxd4 10. cxd4 Bb4+ 11. Bd2 O-O 12. Na3 Nc6 13. Nb5 {0-1 (59) Xu,X (1977)-Schulz,M (2227) Rostock 2010}) 9... Be7 10. O-O Ba6 11. Re1 Bxd3 12. Qxd3 O-O 13. a4 Nc6 14. Na3 cxd4 15. Nxd4 Nfxd4 16. cxd4 Nb4 17. Qg3 Bh4 18. Qb3 f5 19. Bd2 Be7 20. f4 Qd7 21. Rec1 Rfc8 22. Nb5 Rab8 23. g3 h6 24. Rab1 Rxc1+ 25. Rxc1 Rc8 26. Rxc8+ Qxc8 27. Qc3 Qxc3 28. Bxc3 g5 29. Kf2 Kf7 30. Ke2 Nc6 31. Bd2 g4 32. Kd3 h5 33. Be1 Ke8 34. Kc2 Kd7 35. Kb3 Kc8 36. Kc2 Kd7 37. Kb3 Bf8 38. Kc2 Bh6 39. Kd3 Bf8 40. Kc2 Be7 41. Kb3 Kc8 42. Kc2 Kb7 43. Kb3 Kb6 44. Kc2 Nd8 45. Kd3 Nf7 46. Ke2 Nh8 47. Bc3 Ng6 48. Kf2 h4 49. Kg2 Bb4 50. Kf2 h3 51. Kg1 Nf8 52. Kf2 Nd7 53. Ke3 Kc6 54. Bd2 (54. Na7+ $142 Kb7 55. Nb5) 54... Nb6 55. Nc3 Bxc3 56. Bxc3 Nxa4 57. Bxa5 Kb5 58. Be1 Kc4 59. Bf2 Nc3 60. Bg1 Nb5 0-1

[Event "ITA-ch Women 2017"]
[Site "Cosenza"]
[Date "2017.12.09"]
[Round "6"]
[White "Di Benedetto, Desiree"]
[Black "Movileanu, Daniela"]
[Result "1-0"]
[WhiteElo "2092"]
[BlackElo "2191"]
[Annotator "NA"]
[PlyCount "131"]
[EventDate "2017.??.??"]
[EventType "tourn"]
[EventCountry "ITA"]
[SourceTitle "playchess.com"]
[Source "ChessBase"]
[SourceQuality "1"]
[TimeControl "40/6000+30:20/3000+30:900+30"]

1. e4 c5 2. Nf3 g6 3. c3 d5 4. e5 Nc6 5. d4 cxd4 6. cxd4 Nh6 7. Bb5 Nf5 8. O-O e6 9. Bg5 Be7 10. Bxe7 Qxe7 11. Bxc6+ bxc6 12. Qc2 Bd7 13. Nbd2 h5 14. Nb3 g5 15. Qc3 g4 16. Ne1 O-O 17. Nc5 a5 18. Nc2 Bc8 19. Qd3 Kg7 20. Kh1 Rh8 21. Ne3 Qg5 22. Rae1 Rh6 23. f4 Qd8 24. Nxf5+ exf5 25. Rf2 Rb8 26. Rfe2 Be6 27. Nxe6+ fxe6 28. Rc1 Rb6 29. Rec2 Qd7 30. Qa3 Rh8 31. Qxa5 Rhb8 32. b3 Kf7 33. Qe1 Rc8 34. Qh4 Ke8 35. Qxh5+ Kd8 36. Qh4+ Kc7 37. Qf2 Kb7 38. Rc5 Ra8 39. g3 Raa6 40. Qc2 Ra3 41. Qd2 Raa6 42. Ra5 Rb5 43. Rxa6 Kxa6 44. Qd3 Kb6 45. a4 Ra5 46. Qc3 Ra6 47. Qc5+ Kb7 48. a5 Ka8 49. b4 Qb7 50. Kg2 Kb8 51. Rb1 Ka8 52. Rb2 Kb8 53. Qd6+ Ka7 54. Qxe6 c5 55. Qxf5 cxb4 56. e6 Rc6 57. Qxg4 b3 58. Qe2 Qc8 59. e7 Rc2 60. Rxc2 bxc2 61. e8=Q c1=Q 62. Q2e7+ Ka8 63. Qxc8+ Qxc8 64. Qe2 Qc3 65. Qa6+ Kb8 66. Qd6+ 1-0

[Event "ITA-ch Women 2017"]
[Site "Cosenza"]
[Date "2017.12.05"]
[Round "7"]
[White "Brunello, Marina"]
[Black "Zimina, Olga"]
[Result "1/2-1/2"]
[WhiteElo "2345"]
[BlackElo "2415"]
[Annotator "TA"]
[PlyCount "106"]
[EventDate "2017.??.??"]
[EventType "tourn"]
[EventCountry "ITA"]
[SourceTitle "playchess.com"]
[Source "ChessBase"]
[SourceQuality "1"]

{[%evp 18,106,0,0,13,0,3,0,0,0,0,0,0,0,-21,-20,5,5,13,-1,0,0,0,0,0,0,0,0,0,-100,-96,-95,-95,-376,-106,-98,-106,-118,-35,-47,-37,-41,-4,-4,-5,-5,-5,-20,-19,-33,-33,-33,-33,-33,-34,-46,-13,-18,-17,-19,-24,-87,-41,-41,-41,-87,-86,-86,-87,-79,-87,-87,-87,-93,-87,-92,-28,-28,-38,-38,-29,-40,-8,-8,-8,-8,-8,-8,-8,-8,-8]} 1. e4 c6 2. d4 d5 3. exd5 cxd5 4. Bd3 Nc6 5. c3 Nf6 6. h3 g6 7. Bf4 Bf5 8. Bxf5 gxf5 9. Nf3 {B13: Caro-Kann: Exchange Variation and Panov-Botvinnik Attack} e6 10. Qb3 {LiveBook: 3 Games} b6 (10... Qb6 11. Na3 Bxa3 12. Qxa3 Rg8 13. O-O Ne4 14. Ne1 Qb5 15. Qb3 a6 16. Qxb5 axb5 {1-0 (61) Firouzja,A (2499)-Jobava,B (2714) Bandar e Anzali 2017}) 11. Ne5 Nxe5 12. Bxe5 Bd6 13. Qb5+ Kf8 14. Bxf6 $146 ({Predecessor:} 14. Nd2 Rg8 15. g4 fxg4 16. O-O-O g3 17. fxg3 Bxe5 18. dxe5 {0-1 (74) Pisa,J (2250)-Magem Badals,J (2505) Spain 1993}) 14... Qxf6 15. Nd2 Rg8 16. g3 {[%cal Bg2g3,Bg3g4][%mdl 32]} Kg7 17. Nf3 Rgb8 18. a4 f4 $36 {[%mdl 2048] Black is pushing.} 19. g4 a6 20. Qe2 b5 21. axb5 axb5 22. O-O h5 23. Kg2 (23. g5 $11 {remains equal.} Qf5 24. Kg2) 23... hxg4 $17 24. hxg4 Qg6 25. Ng1 $2 {[%mdl 8192] [#]} (25. Ne5 $17 Qe4+ 26. Qf3) 25... Rh8 $2 (25... f5 $1 $19 {[%cal Rf5g4] is more deadly.} 26. Rxa8 Rxa8) 26. Rxa8 Rxa8 27. Re1 Rh8 (27... b4 $17 28. Nh3 Qf6) 28. Nh3 $1 $15 b4 29. f3 $1 bxc3 30. bxc3 Qh6 (30... Qf6 {is more complex.} 31. Rh1 Qh4 32. Nf2 Qg3+ 33. Kf1 Rxh1+ 34. Nxh1 Qh3+) 31. Rh1 Qh4 {White must now prevent ...Qg3+.} 32. Qf2 (32. Nf2 {looks sharper.} Qg3+ 33. Kf1 Rxh1+ 34. Nxh1 Qh3+ 35. Kg1) 32... Qxf2+ 33. Nxf2 $11 {[%mdl 4096] Endgame KRB-KRN} Rc8 34. Rc1 $1 {[#]} Bb4 $1 {[%mdl 512]} 35. Nd1 $1 (35. cxb4 Rxc1) 35... Rc7 36. Kf2 Be7 37. Rc2 Bf6 {aiming for ...Bxd4+!} 38. Re2 Ra7 39. Nb2 (39. Rb2 $11 {keeps the balance.}) 39... Ra3 40. Nd1 Bh4+ 41. Kg2 Bd8 42. Rc2 {[#]} Ba5 $1 43. Kf2 Kg6 44. Kg2 Kg5 45. Kh3 f6 46. Kg2 e5 (46... Kh4 $17) 47. dxe5 fxe5 48. Rd2 d4 49. Nf2 Bxc3 50. Re2 {The position is equal.} Ra5 51. Nd3 Kf6 52. g5+ Kxg5 {And now ...Kf6 would win.} 53. Rxe5+ Rxe5 {Precision: White = 62%, Black = 64%.} 1/2-1/2

[Event "ITA-ch Women 2017"]
[Site "Cosenza"]
[Date "2017.12.10"]
[Round "7"]
[White "Sedina, Elena"]
[Black "Brunello, Marina"]
[Result "1/2-1/2"]
[WhiteElo "2312"]
[BlackElo "2345"]
[Annotator "NA"]
[PlyCount "71"]
[EventDate "2017.??.??"]
[EventType "tourn"]
[EventCountry "ITA"]
[SourceTitle "playchess.com"]
[Source "ChessBase"]
[SourceQuality "1"]
[TimeControl "40/6000+30:20/3000+30:900+30"]

1. e4 {[%emt 0:03:02]} c5 {[%emt 0:00:10]} 2. Nf3 {[%emt 0:00:21]} d6 {[%emt 0:00:07]} 3. Bb5+ {[%emt 0:00:19]} Nd7 {[%emt 0:00:16]} 4. d4 {[%emt 0:00:26]} cxd4 {[%emt 0:00:29]} 5. Qxd4 {[%emt 0:00:07]} a6 {[%emt 0:00:12]} 6. Bxd7+ {[%emt 0:00:27]} Bxd7 {[%emt 0:00:06]} 7. c4 {[%emt 0:00:12]} e5 {[%emt 0:00:27]} 8. Qd3 {[%emt 0:00:11]} b5 {[%emt 0:00:15]} 9. Nc3 {[%emt 0:00:34]} bxc4 {[%emt 0:00:37]} 10. Qxc4 {[%emt 0:00:08]} Qc8 {[%emt 0:00:49]} 11. Qd3 {[%emt 0:00:56] LiveBook: 16 Games} Be6 {[%emt 0:00:09]} 12. b3 $11 {[%emt 0:06:07]} h6 {[%emt 0:00:25]} 13. O-O {[%emt 0:00:37]} Nf6 {[%emt 0:00:08]} 14. Nd2 {[%emt 0:48:44]} Be7 {[%emt 0:07:07]} 15. Rd1 {[%emt 0:05:55]} O-O {[%emt 0:07:04]} 16. Nf1 {[%emt 0:02:10]} Qc5 {[%emt 0:30:31]} 17. Ne3 {[%emt 0:04:16]} Rfc8 {[%emt 0:00:30]} 18. Bb2 {[%emt 0:01:11]} Qa5 {[%emt 0:05:18]} 19. Rac1 {[%emt 0:16:40]} Rab8 {[%emt 0:12:26]} 20. Qd2 {[%emt 0:09:19]} Rc5 {[%emt 0:21:33]} 21. Ncd5 {[%emt 0:03:56]} Qxd2 {[%emt 0:04:16]} 22. Nxf6+ {[%emt 0:01:27]} Bxf6 {[%emt 0:00:31]} 23. Rxd2 {[%emt 0:00:02]} Rxc1+ {[%emt 0:07:22]} 24. Bxc1 {[%emt 0:00:01]} Be7 {[%emt 0:00:09]} 25. Ba3 {[%emt 0:00:17]} Rb6 {[%emt 0:00:04]} 26. Nd5 {[%emt 0:04:31]} Bxd5 {[%emt 0:00:14]} 27. Rxd5 {[%emt 0:00:08]} f6 {[%emt 0:02:55]} 28. Kf1 {[%emt 0:00:22]} Kf7 {[%emt 0:00:37]} 29. Ke2 {[%emt 0:00:03]} Ke6 {[%emt 0:00:12]} 30. Rd2 {[%emt 0:00:57]} Rc6 {[%emt 0:00:44]} 31. Kd3 {[%emt 0:00:37]} f5 {[%emt 0:01:57]} 32. f3 {[%emt 0:00:09]} Bg5 {[%emt 0:01:56]} 33. Rc2 {[%emt 0:00:05]} Rxc2 {[%emt 0:00:36]} 34. Kxc2 {[%emt 0:00:01]} d5 {[%emt 0:00:12]} 35. Kd3 {[%emt 0:02:07]} g6 {[%emt 0:02:13]} 36. Bf8 {[%emt 0:00:09]} 1/2-1/2

[Event "ITA-ch Women 2017"]
[Site "Cosenza"]
[Date "2017.12.05"]
[Round "7"]
[White "Movileanu, Daniela"]
[Black "Santeramo, Alessia"]
[Result "1/2-1/2"]
[WhiteElo "2191"]
[BlackElo "2082"]
[Annotator "TA"]
[PlyCount "129"]
[EventDate "2017.??.??"]
[EventType "tourn"]
[EventCountry "ITA"]
[SourceTitle "playchess.com"]
[Source "ChessBase"]
[SourceQuality "1"]

{[%evp 13,129,28,34,31,39,45,41,19,6,18,52,54,58,60,49,52,54,-8,-8,-12,-8,0,18,-20,-17,-18,-11,-21,0,0,0,0,0,-27,49,43,47,45,47,9,33,27,51,14,14,13,14,16,11,0,0,0,34,37,50,51,51,51,46,0,32,0,53,22,66,48,79,45,47,51,106,91,97,47,46,40,79,54,63,8,8,8,8,10,11,8,8,8,8,0,0,0,8,8,8,8,8,8,20,20,20,8,8,8,508,0,0,-8,-8,-8,-8,-8,-8,-8,-8,-8,-8,-8]} 1. e4 e5 2. Nf3 Nc6 3. Bb5 Bc5 {[%cal Bf8c5,Bc5b6,Bb6d4][%mdl 32]} 4. O-O Nd4 5. b4 Bb6 6. Nxd4 {C64: Ruy Lopez: Classical Defence (3...Bc5) except 4 0-0 Nf6} Bxd4 7. c3 Bb6 $1 {LiveBook: 4 Games} 8. d4 {White is slightly better.} exd4 (8... c6 9. Ba4 d6 10. Na3 Nf6 11. Bc2 Be6 12. f4 h6 13. f5 {1-0 (34) Fressinet,L (2706)-Tkachiev,V (2632) Calvi 2013}) 9. cxd4 Ne7 10. Bg5 $146 ({Predecessor:} 10. d5 c6 11. Be2 d6 12. Nc3 O-O 13. Bg5 {1-0 (47) Mishin,A (2268)-Shushman,V ICCF email 2010}) 10... O-O 11. Nc3 f6 12. Bc4+ d5 13. Nxd5 Nxd5 14. Bxd5+ Kh8 15. Bh4 (15. Be3 $1 $14) 15... c6 $36 {[%mdl 2048] Black fights for an advantage.} 16. Bb3 Bxd4 17. Rb1 Qb6 18. Qh5 Bd7 19. Rfd1 Be8 20. Qe2 Bf7 21. Bxf7 Rxf7 22. Qc4 Rd7 23. Rd3 c5 (23... a5 $11) 24. Rbd1 $14 Re7 25. bxc5 Bxc5 26. Kf1 Rae8 27. f3 Qb4 28. Qd5 b6 29. Bg3 h6 30. Be1 Qa4 31. Bg3 Qa6 32. Bf4 Re6 33. g4 Qb5 34. Kg2 Qb2+ 35. R3d2 Qc3 36. Rd3 Qb2+ 37. R3d2 Qc3 38. h4 Bb4 39. Re2 Bc5 40. g5 (40. a4 {is more complex.} Qa5 41. Ra2 Qa6 42. g5 fxg5 43. hxg5 Qc8 44. gxh6 gxh6 45. Kh2) 40... fxg5 41. hxg5 hxg5 (41... Kh7 $14) 42. Bxg5 $16 Qe5 43. Qxe5 Rxe5 44. Bf4 Rh5 45. Red2 Re6 46. Rd5 ({White should try} 46. Bg3 $14) 46... Rg6+ $11 47. Bg3 Rxd5 $1 48. Rxd5 {[%mdl 4096] Endgame KRB-KRB} Be3 $1 49. Kh3 Rh6+ 50. Kg4 {Threatening Rd8+.} Rg6+ 51. Kh3 Rh6+ 52. Kg4 {With the idea f4.} Rg6+ 53. Kh4 {next f4 is good for White.} Rh6+ $1 54. Rh5 g5+ 55. Kg4 Rxh5 56. Kxh5 {aiming for Bb8. KB-KB} Kg7 57. Bb8 b5 $1 58. Bc7 b4 $2 {[%mdl 8192] [#]} (58... Bd2 $11 {and Black has nothing to worry.}) 59. Kg4 $2 ({White must play} 59. Ba5 $1 $18 {[%cal Ra5b4]} Bd2 {[#]} 60. a3 $1 {[%mdl 512]}) 59... Kg6 {The position is equal.} 60. e5 Bf4 61. Ba5 Bd2 62. Bd8 a5 63. Bxa5 {Strongly threatening Bc7.} b3 $1 {[%cal Rb3a2]} 64. axb3 Bxa5 65. f4 {Precision: White = 46%, Black = 60%.} 1/2-1/2

[Event "ITA-ch Women 2017"]
[Site "Cosenza"]
[Date "2017.12.10"]
[Round "7"]
[White "Movileanu, Daniela"]
[Black "Zimina, Olga"]
[Result "0-1"]
[WhiteElo "2191"]
[BlackElo "2415"]
[Annotator "TA"]
[PlyCount "108"]
[EventDate "2017.??.??"]
[EventType "tourn"]
[EventCountry "ITA"]
[SourceTitle "playchess.com"]
[Source "ChessBase"]
[SourceQuality "1"]

{[%evp 13,108,0,36,13,6,11,19,0,11,-27,0,0,43,6,48,0,0,0,0,6,37,0,21,-7,-6,-13,0,-51,-28,-45,-45,-62,-70,-66,-60,-77,0,-29,0,0,17,25,106,96,87,0,0,-33,-37,-45,-45,-40,-13,-216,10,29,11,10,0,0,0,0,0,-11,-4,-72,-103,-49,-22,-12,0,0,8,8,49,8,8,8,16,0,0,0,0,0,0,0,0,0,38,0,0,0,0,-8,0,-1187,-1106]} 1. e4 c6 2. d4 d5 3. Nd2 dxe4 4. Nxe4 Bf5 5. Ng3 Bg6 6. Nh3 Nd7 7. Nf4 {B18: Caro-Kann (Hauptvariante)} (7. Bc4 e6 8. Nf4 Bd6 9. Bb3 Ngf6 10. Qf3 Qc7 11. h4 e5 12. Nxg6 hxg6 13. Bg5 exd4 14. O-O-O O-O-O 15. Rxd4 Be5 16. Rdd1 Nc5 17. Bc4 b5 18. Bxb5 cxb5 19. Qa8+ Qb8 20. Qc6+ Qc7 21. Qa8+ {½-½ (21) Fedorchuk,S (2624)-Postny,E (2611) Sibenik 2016}) 7... Qc7 {LiveBook: 3 Partien} 8. Nxg6 hxg6 9. Bc4 {Die Stellung ist ausgeglichen.} Ngf6 10. Qf3 e6 11. Bf4 Qa5+ $146 ({Vorgänger:} 11... Qb6 12. O-O-O O-O-O 13. Kb1 Qb4 14. Bb3 Nb6 15. c3 Qa5 16. Rhe1 Nbd5 {0-1 (40) Alvarez Castillo,H (2216)-Vives,G (2080) Villa Ballester 2003}) 12. c3 Nd5 13. O-O Be7 14. Rfe1 Nxf4 15. Qxf4 Rh4 16. Qf3 Qc7 17. Re4 Rh6 18. a4 Nf6 $36 {[%mdl 2048] Schwarz drückt.} 19. Ree1 O-O-O 20. a5 (20. h3 $11) 20... a6 21. Nf1 g5 22. Bd3 Kb8 23. g3 c5 24. dxc5 Qxc5 ({Lieber} 24... Bxc5 $17 25. b4 Ba7) 25. Ra4 Nd5 26. Qe2 f5 27. Qe5+ Ka8 (27... Nc7 $11 28. Qxc5 Bxc5) 28. Qxg7 $16 Rf6 29. Rc4 (29. Bc4 $16 f4 30. g4 (30. Qxg5 $2 Rff8 $19)) 29... Qxa5 $11 30. Qxg5 f4 31. g4 Qb6 {[%mdl 1024] Schwarz hat Kompensation.} 32. b4 Rh8 33. Be4 $2 {[#]} (33. b5 $11 axb5 34. Rce4) 33... Rfh6 $2 (33... Rff8 $1 $19 34. Qg7 Rfg8) 34. Qg7 $1 Bf6 35. Qd7 Bxc3 ({Jedoch nicht} 35... Nxc3 $2 {[#]} 36. Bxb7+ $1 {[%mdl 512]} Qxb7 37. Rc7 $18) 36. Rd1 Bxb4 37. Bxd5 exd5 38. Rxd5 Ka7 39. Qc7 (39. Qg7 $11 {hält das Gleichgewicht.}) 39... Qxc7 $17 40. Rxc7 f3 41. Rf7 Rg8 42. Ne3 Rh3 43. Rdd7 Rb8 44. Nc4 {zielt auf Se5 ab.} a5 45. Ne5 Ka6 46. Nxf3 Rf8 47. Rxf8 Bxf8 $11 {[%mdl 4096] Endspiel KTL-KTS} 48. Kg2 Rh8 $1 49. g5 a4 50. Nd4 Bc5 51. Ne6 Bb4 52. g6 {Droht g7 und aus.} Rg8 $1 {[%cal Rg8g6]} 53. g7 {Schwarz muss nun Td8 beachten.} Bc3 $1 {Droht stark ...a3.} 54. Rd8 $2 {[%mdl 8192]} (54. Rf7 $11) 54... Rxd8 {Precision: Weiß = 32%, Schwarz = 36%.} 0-1